Colonizers of South America - Statistics

General Stats
  • This quiz has been taken 69 times
  • The average score is 12 of 12
Answers on the Map
Answers color-coded by a green-red scale on the quiz's map according to % correct below.
 
Answer Stats
Country % Correct
Spain
100%
Spain
100%
Spain
100%
Spain
100%
Spain
100%
Spain
100%
Spain
100%
Spain
100%
Spain
100%
Portugal
98%
Netherlands
85%
United Kingdom
83%
No matching quizzes found
Score Distribution
Percent of People with Each Score
Percentile by Number Answered
Your Score History
You have not taken this quiz